UBT Library

Personnel and human resource management / (Record no. 1324)

000 -LEADER
fixed length control field 00571nam a22001937a 4500
008 - FIXED-LENGTH DATA ELEMENTS--GENERAL INFORMATION
fixed length control field 151021b xxu||||| |||| 00| 0 eng d
020 ## - INTERNATIONAL STANDARD BOOK NUMBER
International Standard Book Number 0314777873
020 ## - INTERNATIONAL STANDARD BOOK NUMBER
International Standard Book Number 031477789X (international ed.)
041 0# - LANGUAGE CODE
Language code of text/sound track or separate title eng
080 ## - UNIVERSAL DECIMAL CLASSIFICATION NUMBER
Universal Decimal Classification number 658.3
100 1# - Rafti
Rafti Schuler, Randall S.
245 10 - TITLE STATEMENT
Title Personnel and human resource management /
Statement of responsibility, etc Randall S. Schuler.
250 ## -
-- 2nd ed.
260 ## -
-- St. Paul :
-- West Pub. Co.,
-- c1984.
300 ## -
-- xiii, 700 f. :
-- me il.;
-- 26 cm.
650 #0 -
-- Menaxhimi i personelit
650 #0 -
-- Menaxhimi i burimeve njerëzore
942 ## - ADDED ENTRY ELEMENTS (KOHA)
Source of classification or shelving scheme
Item type Books
Holdings
Withdrawn status Lost status Source of classification or shelving scheme Damaged status Not for loan Collection code Permanent location Current location Shelving location Date acquired Total Checkouts Full call number Barcode Date last seen Price effective from Koha item type
          Koleksioni i përgjithshem UBT - Lipjan UBT - Lipjan Koleksioni i përgjithshem 10/21/2015   658.3 SCH 002-008438 10/21/2015 10/21/2015 Books
UBT Library © 2015-2024. All rights reserved University Education for Business and Technology